| 000 | 01207nam a2200325 a 4500 | ||
|---|---|---|---|
| 001 | 79396 | ||
| 003 | BD-RjUL | ||
| 005 | 20220602102822.0 | ||
| 008 | 220216s2016 bg a|||| m||| 00| 0 eng d | ||
| 035 | _a(BD-RjUL)79396 | ||
| 040 |
_aBD-RjUL _beng _cBD-RjUL _dBD-RjUL |
||
| 041 | _aeng | ||
| 082 |
_a620.00452 _bRUA 2016 _223 |
||
| 100 |
_aRuhi, Sabba _91381 |
||
| 245 |
_aApplication of Complex lifetime models for analysis of product reliability Data / _cBy Sabba Ruhi ; _6Supervisor: Md. Rezaul Karim |
||
| 260 |
_aRajshahi : _bDepartment of Statistics, University of Rajshahi, _c2016 |
||
| 300 |
_ax, 124 Leaves : _bill. ; _c30 cm. |
||
| 502 | _aThesis (Ph. D.) -- Department of Statistics, University of Rajshahi, 2016 | ||
| 504 | _aReference : Leaves [118] - 124 | ||
| 650 |
_aReliability (Engineering) _xStatistical methods _91382 |
||
| 650 |
_aReliability (Engineering) _xData processing _91383 |
||
| 650 |
_aProduct life cycle. _93362 |
||
| 650 |
_aProduct rliability _93363 |
||
| 650 |
_a.EM algorithm _93364 |
||
| 650 |
_aMixture model _93365 |
||
| 650 |
_aCompeting risk model _93366 |
||
| 650 |
_aSimulation _93367 |
||
| 700 |
_aKarim, Md. Rezaul, Supervisor _91384 |
||
| 942 |
_2ddc _cTHE |
||
| 999 |
_c79396 _d79396 |
||